000 00335cam a22001097a 4500
008 180718b1954 xxu||||| |||| 00| 0 eng d
082 _aT000x54 In2O
245 _aOur plan
_cby Ministry Of Information And Broadcasting
260 _aDelhi
_bThe Director
_c1954
300 _a56p.
700 _aIndia. Ministry Of Information And Broadcasting
999 _c496777
_d496777